Footballeurs en I - Statistiques

Statistiques générales
  • Ce quiz a été pris 96 fois
  • Le résultat moyen est 11 sur 20
Statistiques - réponses
Par images Réponse % Correct
Ibrahimovic
100%
Iniesta
100%
Icardi
96%
Issa
93%
Isak
91%
Immobile
89%
Isco
88%
Inzaghi
86%
Ikoné
82%
Insigne
69%
Ivanovic
68%
Iwobi
47%
Ilan
32%
Illarramendi
29%
Ilic
24%
Ibisevic
12%
Itandje
6%
Ikpeba
2%
Ingesson
2%
Ignatenko
0%
Aucun quiz correspondant
Distribution des résultats
% des personnes avec chaque résultat
Percentile par nombre de réponses
Votre historique - résultats
Vous n’avez pas pris ce quiz